000 00421nam a22001577a 4500
005 20250103114224.0
008 250103b ||||| |||| 00| 0 eng d
040 _cAL
041 _aEnglish
082 _223
_a348.04
_bCHAI
100 _aJagjit Singh Chawla
_9192027
245 _aIndian Civil Cases: Vol 2 1996(2)
260 _a Chandigarh
_b ICC Publications
_c1996
650 _aCivil Laws
_9192028
942 _2ddc
_cBI
999 _c233453
_d233453